Sports Quiz

Random Sports or Football Quiz

Leeds United 2009/10 squad trivia Quiz Stats

 Plays Quiz not verified by Sporcle

Challenge
Share
Tweet
Embed
Score 0/33 Timer 10:00
0 Plays Today
Question Answer % Correct
From which side did Leeds sign right-back Jason Crowe?Northampton
76.9%
Only 2 LUFC players played more minutes in this season than Michael Doyle - name one.Jonny Howson
76.9%
What is the nationality of Lubomir Michalik?Slovakian
53.8%
From which club did Sam Vokes join on loan from in October 2009?Wolves
51.3%
Ironically, Jonny Howsons first Leeds goal was against?Norwich City
48.7%
Leeds signed Neil Kilkenny after an impressive performance when Oldham beat Leeds by what scoreline in January 2008?3-1
43.6%
Who is the only member of the Leeds United squad that beat Man Utd in 2010 to still be on their books @ 01/05/15?Aidan White
38.5%
Bradley Johnson was compared to which ex-Leeds star by former manager Gary McAlliser?Gary Speed
33.3%
Despite only ever making 7 starts for the club, how many goals did Enoch Showunmi score?Five
33.3%
With which side did Aidan White have 2 loan spells with?Oldham Athletic
33.3%
Which player left Leeds in the Summer of 2009 to join Everton?Luke Garbutt
25.6%
Only 1 League goal was ever scored by Mike Grella - who was it against?Stockport County
23.1%
Before which game did Andy Robinsons move from Swansea to Leeds get announced?Play-Off Final vs Doncaster
23.1%
Andy Hughes' one and only Leeds goal came against which side?Millwall
23.1%
Against which side did Patrick Kisnorbo pick up a head injury which required stitches and a protective headband to continue playing?Exeter City
17.9%
Rui Marques had a loan spell with which side during his time at the club?Hull City
17.9%
Luciano Becchio was recommended to Leeds by whom?Marcelino
17.9%
Question Answer % Correct
After lengthy spells out with injury, Davide Somma scored for Leeds against which club in the 2012/13 season?Nottingham Forest
17.9%
In December 2010, for how many consectutive games did Max Gradel score Leeds' first goal in? Four
17.9%
Alan Sheehan missed the play-offs in Leeds' 07/08 campaign after getting sent off against which side?Yeovil Town
15.4%
The only goal Sanchez Watt scored for Leeds was against?Scunthorpe United
15.4%
After being made redundant by Massimo Cellino, who did Leigh Bromby join in the Summer of 2014?Huddersfield Town
15.4%
Shane Higgs kept out a penalty in a 0-0 draw in the 2009/10 season. Who took the penalty? Lee Barnard
12.8%
Which side did David Prutton join after leaving Leeds?Colchester United
10.3%
Name 1 of the 2 players that Leeds United paid a transfer fee for in this season?Leigh Bromby
10.3%
Jermaine Beckford made his Leeds debut in the 2005/06 season - against who?Crystal Palace
7.7%
What was the highest level at which Ben Parker represented England?Under 19s
7.7%
Tresor Kandol scored his first Leeds United goal in 2006 - against which side?Barnsley
7.7%
Which goal received the goal of the season award for this season?Jermaine Beckford vs Man Utd
7.7%
Richard Naylors first goal for Leeds came in the 2008/09 season - against which side?Southend United
5.1%
Casper Ankergren saved a penalty from which player in Leeds Uniteds relegation season of 2006/07?Dean Morgan
2.6%
Who, according to manager Simon Grayson, did Robert Snodgrass 'have on toast' in a 2009 Carling Cup match?Andrea Dossena
2.6%
Neill Collins was labelled the next Tony Adams by which BBC 1 pundit?Steve Claridge
0%

You're not logged in!

Compare scores with friends on all Sporcle quizzes.
Join for Free
OR
Log In

You Might Also Like...

Show Comments

Extras

Top Quizzes Today


Score Distribution

Your Account Isn't Verified!

In order to create a playlist on Sporcle, you need to verify the email address you used during registration. Go to your Sporcle Settings to finish the process.

Report this User

Report this user for behavior that violates our Community Guidelines.

Details: